000 00663nam a2200277Ia 4500
005 20260324140743.0
008 008 260324s9999 xx 000 0 eng d
020 _a9780203976616
037 _aEBOOK
040 _aCRL
040 _beng
040 _cCRL
041 _2eng
041 _aeng
084 _qCRL
100 _aPeter Jackson; Michael Rowlands; Daniel Miller
_91205612
245 0 _aShopping, Place and Identity
260 _bTaylor and Francis
260 _c1998
365 _a
365 _b230
856 _uhttp://www.taylorfrancis.com/books/9780203976616
942 _cEBOOK
999 _c1807982
_d1807982